Normal view MARC view

Entry Nome pessoal

Number of records used in: 4

001 - NÚMERO DE CONTROLE

  • campo de controle: 597

003 - IDENTIFICADOR DO NÚMERO DE CONTROLE

  • campo de controle: Br

005 - DATA E HORÁRIO DA ÚLTIMA TRANSAÇÃO

  • campo de controle: 20250324135517.0

008 - CAMPO DE DADOS FIXOS

  • campo de controle de tamanho fixo: 090127|| acnacaban aaaa

035 ## - NÚMERO DE CONTROLE DO SISTEMA

  • Número de Controle do Sistema: 2009012714174278med

040 ## - FONTE DA CATALOGAÇÃO

  • Instituição da catalogação original: blrjbn
  • Instituição que transcreveu o registro: blrjbn

100 1# - CABEÇALHO--NOME PESSOAL

  • Nome pessoal: Kinney, Jeff,
  • Datas associadas ao nome: 1971-

400 1# - REMISSIVA VER--NOME PESSOAL

  • Nome pessoal: Kinney, Jeff Patrick
  • Datas associadas ao nome: 1971-

400 1# - REMISSIVA VER--NOME PESSOAL

  • Nome pessoal: Kinney, Jeffrey Patrick
  • Datas associadas ao nome: 1971-

670 ## - FONTE POSITIVA DOS DADOS

  • Citação da fonte positiva dos dados: Autor de: Diário de um banana...2008
  • Dados encontrados na fonte localizada no subcampo: (4. capa: autor e ilustrador; desenvolve e projeta jogos on-line)

670 ## - FONTE POSITIVA DOS DADOS

  • Citação da fonte positiva dos dados: LC authorities 26/01/09

670 ## - FONTE POSITIVA DOS DADOS

  • Citação da fonte positiva dos dados: http://pt.wikipedia.org/wiki/Jeff_Kinney 26/04/2012
  • Dados encontrados na fonte localizada no subcampo: (Jeffrey "Jeff" Patrick Kinney, nasceu em 19 de fevereiro de 1971; é um escritor e cartunista norte-americano cujo trabalho ficou notável após escrever a série de livros infanto-juvenis chamada Diário de um Banana)

Powered by Koha